<?xml version="1.0" encoding="UTF-8"?>
<record
    xmlns:xsi="http://www.w3.org/2001/XMLSchema-instance"
    xsi:schemaLocation="http://www.loc.gov/MARC21/slim http://www.loc.gov/standards/marcxml/schema/MARC21slim.xsd"
    xmlns="http://www.loc.gov/MARC21/slim">

  <leader>01847nam a22002657a 4500</leader>
  <controlfield tag="003">OSt</controlfield>
  <controlfield tag="005">20240516181121.0</controlfield>
  <controlfield tag="008">240506b           ||||| |||| 00| 0 spa d</controlfield>
  <datafield tag="020" ind1=" " ind2=" ">
    <subfield code="a">9786287507869</subfield>
  </datafield>
  <datafield tag="040" ind1=" " ind2=" ">
    <subfield code="c">CO-Mq BPB</subfield>
  </datafield>
  <datafield tag="041" ind1=" " ind2=" ">
    <subfield code="a">spa</subfield>
  </datafield>
  <datafield tag="082" ind1=" " ind2=" ">
    <subfield code="a">AN</subfield>
    <subfield code="b">GUR4</subfield>
  </datafield>
  <datafield tag="100" ind1=" " ind2=" ">
    <subfield code="a">Gurnah, Abdulrazak</subfield>
    <subfield code="d">1948</subfield>
    <subfield code="e">autor</subfield>
  </datafield>
  <datafield tag="245" ind1=" " ind2=" ">
    <subfield code="a">La vida, despu&#xE9;s </subfield>
  </datafield>
  <datafield tag="250" ind1=" " ind2=" ">
    <subfield code="a">Edici&#xF3;n especial</subfield>
  </datafield>
  <datafield tag="264" ind1=" " ind2=" ">
    <subfield code="a">Bogot&#xE1;:</subfield>
    <subfield code="b">Penguin Random House Grupo Editoria</subfield>
    <subfield code="c">2023</subfield>
  </datafield>
  <datafield tag="300" ind1=" " ind2=" ">
    <subfield code="a">350 p&#xE1;ginas</subfield>
    <subfield code="b">Tapa rustica</subfield>
    <subfield code="c">22 cm</subfield>
  </datafield>
  <datafield tag="521" ind1=" " ind2=" ">
    <subfield code="a">Una prosa po&#xE9;tica, evocadora y fascinante, pero profundamente l&#xFA;cida. Una historia perfecta sobre un mundo ya extinguido: el continente africano al borde del cambio. Una denuncia radical de la colonizaci&#xF3;n europea, por uno de los escritores m&#xE1;s brillantes y relevantes de la literatura africana. Constituye adem&#xE1;s, esta novela, una meditaci&#xF3;n conmovedora sobre la naturaleza de la libertad y la p&#xE9;rdida de la inocencia.Recomendado del librero.Cuando los padres de Yusuf, de doce a&#xF1;os, le dicen que vivir&#xE1; con su t&#xED;o Aziz durante una temporada, el chico se muestra entusiasmado. Pero lo que Yusuf no sabe es que su padre lo ha empe&#xF1;ado para saldar una deuda imposible de pagar, ni tampoco que Aziz no es pariente suyo, sino un rico y acaudalado comerciante con el que viajar&#xE1; por &#xC1;frica central y las riberas del Congo en v&#xED;speras de la primera guerra mundial. A trav&#xE9;s de los ojos de ese chiquillo descubriremos una naturaleza exuberante y hostil, poblada de tribus despiadadas e invasores desalmados, en la que una vida humana vale tanto como unas cuantas gotas de agua.</subfield>
  </datafield>
  <datafield tag="521" ind1=" " ind2=" ">
    <subfield code="a">Incluye datos biogr&#xE1;ficos del autor</subfield>
  </datafield>
  <datafield tag="650" ind1=" " ind2=" ">
    <subfield code="a">Novela inglesa</subfield>
    <subfield code="y">Siglo XXI</subfield>
  </datafield>
  <datafield tag="650" ind1=" " ind2=" ">
    <subfield code="a">Viajes</subfield>
    <subfield code="x">Novela</subfield>
  </datafield>
  <datafield tag="650" ind1=" " ind2=" ">
    <subfield code="a">&#xC1;frica</subfield>
    <subfield code="x">Vida social y costumbres</subfield>
  </datafield>
  <datafield tag="700" ind1=" " ind2=" ">
    <subfield code="a">Noguera Mend&#xED;a, Sof&#xED;a</subfield>
    <subfield code="e">traductora</subfield>
  </datafield>
  <datafield tag="942" ind1=" " ind2=" ">
    <subfield code="2">ddc</subfield>
    <subfield code="c">BKLIT</subfield>
  </datafield>
  <datafield tag="999" ind1=" " ind2=" ">
    <subfield code="c">15502</subfield>
    <subfield code="d">15502</subfield>
  </datafield>
</record>
